000 00748cam a2200277 4500
999 _c45708
_d45708
001 361849
005 20190305132407.0
008 710714s1971 nyuabc b 001 0 eng
010 _a 77136348
020 _a0394445112
040 _aDLC
_cDLC
_dDLC
043 _aa-iq---
100 1 _aSolecki, Ralph S.
245 1 0 _aShanidar, the first flower people
_c[by] Ralph S. Solecki.
250 _a[1st ed.]
260 _aNew York,
_bKnopf,
_cc1971.
300 _axv, 290, x p.
_billus., maps, ports.
_c22 cm.
336 _atext
337 _aunmediated
338 _avolume
504 _aBibliography: p. [273]-280.
650 0 _aNeanderthals.
651 0 _aShanidar Cave (Iraq)
651 0 _aKurdistan
_xAntiquities.
942 _2lcc
_cBK